Score 0/20 Timer 02:00
1 Play Today
Clue 3-Letter Word % Correct
This animal gives a hootOWL
93.6%
🏆 Slippery skating surface made of frozen water 🏆🏆 ICE 🏆
93.3%
Three strikes and you're ___OUT
92.4%
To be in debt to someoneOWE
91.8%
🏆 It's not the MLB, NBA or NFL 🏆🏆 NHL 🏆
90.9%
Vital need for a car's engineOIL
90.5%
It could be a Picasso or a GarfunkelART
87.6%
NoneNIL
86.6%
🏆 Needed to unlock a door 🏆🏆 KEY 🏆
86.5%
A top pilotACE
85.7%
Clue 3-Letter Word % Correct
A mineral-rich rockORE
85.7%
Part of a playACT
85.4%
At a high temperatureHOT
84.7%
A feeling of intense angerIRE
82.3%
A small domicileHUT
77.9%
A scrap of food left after a mealORT
76.5%
🏆 An ad ___ hypothesis 🏆🏆 HOC 🏆
67.9%
Female protagonist of 'Star Wars Episode VII'REY
60.5%
Former goalie for the Canadiens and AvalancheROY
57.2%
A very large Middle Eastern mythological birdROC
51.2%

Today's Daily Dose

Remove Ads.
Support Sporcle.
Get the best of Sporcle when you Go Orange. This ad-free experience offers more features, more stats, and more fun while also helping to support Sporcle. Thank you for becoming a member.

You're not logged in!

Compare scores with friends on all Sporcle quizzes.
OR
Log In

Show Comments

Extras

Top Quizzes Today


Score Distribution

Your Account Isn't Verified!

In order to create a playlist on Sporcle, you need to verify the email address you used during registration. Go to your Sporcle Settings to finish the process.

Report this User

Report this user for behavior that violates our Community Guidelines.

Details: